Missing Word: AFI's Most Thrilling Movies Quiz Stats

Quiz Updated Jul 6, 2015

Challenge
Share
Tweet
Embed
Score 0/28 Timer 04:00
3 Plays Today
Movie Title Missing Word % Correct
Saving Private ____Ryan
98.5%
The ____ of the LambsSilence
98.4%
Die ____Hard
98.3%
____ FictionPulp
98%
____ and ClydeBonnie
97.6%
____ WarsStar
97.2%
____ of the Lost ArkRaiders
96.6%
____ AttractionFatal
96%
____ by NorthwestNorth
95.7%
____ HarryDirty
95.6%
Lawrence of ____Arabia
95.6%
A ____ OrangeClockwork
94.9%
____ DriverTaxi
94.4%
Rosemary's ____Baby
93.6%
Movie Title Missing Word % Correct
Invasion of the ____ SnatchersBody
93.5%
____ NoonHigh
92.4%
The ____ ConnectionFrench
87.3%
Wait ____ DarkUntil
87.1%
____ ParkJurassic
87%
The ____ FalconMaltese
86.8%
The ____ HunterDeer
85.9%
____ WindowRear
85.5%
King ____Kong
83.6%
The ____ CandidateManchurian
82.3%
Strangers on a ____Train
81.3%
The Great ____Escape
80.8%
____ IndemnityDouble
78.4%
The ____ of the HunterNight
52.5%

Today's Daily Dose

Missing Word
1971 Movies A-Z

Word Ladder
Complete Tour

Quick Pick
Logo Colors

On This Day
January 19th

You're not logged in!

Compare scores with friends on all Sporcle quizzes.
Sign Up with Email
OR
Log In

You Might Also Like...

Show Comments

Extras

Top Quizzes Today


Score Distribution

Your Account Isn't Verified!

In order to create a playlist on Sporcle, you need to verify the email address you used during registration. Go to your Sporcle Settings to finish the process.